Mission, Inc (Record no. 57114)
[ view plain ]
| 000 -LEADER | |
|---|---|
| fixed length control field | 02270nam a2200409 a 4500 |
| 082 04 - DEWEY DECIMAL CLASSIFICATION NUMBER | |
| Classification number | 361.7068 |
| 100 1# - MAIN ENTRY--AUTHOR NAME | |
| Personal name | Lynch, Kevin, |
| 245 10 - TITLE STATEMENT | |
| Title | Mission, Inc |
| 250 ## - EDITION STATEMENT | |
| Edition statement | 1st ed. |
| 260 ## - PUBLICATION, DISTRIBUTION, ETC. (IMPRINT) | |
| Place of publication | San Francisco : |
| Name of publisher | Berrett-Koehler Publishers, Inc. : |
| -- | Ingram Publishers Services [distributor], |
| Year of publication | c2009. |
| 300 ## - PHYSICAL DESCRIPTION | |
| Number of Pages | xxv, 187 p. |
| 490 1# - SERIES STATEMENT | |
| Series statement | The social venture network series |
| 505 0# - FORMATTED CONTENTS NOTE | |
| Formatted contents note | The most successful business on earth -- The ten paradoxes of social enterprise -- Doing good versus doing well: balancing impact and profit -- Form versus function: choosing the right structure -- Planning versus practice: working with discipline -- Debits versus credits: creating financial health -- Do-gooders versus good doers: hiring the best people -- Perception versus reality: marketing on higher ground -- Value versus waste: leaning the enterprise -- Metrics versus instinct: measuring success -- Growth versus focus: expanding sensibly -- Sweat equity versus blood equity: caring for yourself. |
| 650 #0 - SUBJECT ADDED ENTRY--TOPICAL TERM | |
| Topical Term | Entrepreneurship |
| Topical Term | Social entrepreneurship. |
| Topical Term | Social responsibility of business. |
| Topical Term | Industrial management |
| Topical Term | Quality of work life. |
| 700 1# - ADDED ENTRY--PERSONAL NAME | |
| Personal name | Walls, Julius. |
| 856 40 - ELECTRONIC LOCATION AND ACCESS | |
| Uniform Resource Identifier | http://site.ebrary.com/lib/rucke/Doc?id=10315419 |
No items available.
